00547nam a22002057a 4500003000500000005001700005008004100022010001000063011001000073035001000083040000900093082001500102100002900117245004700146260005400193300002000247650004000267650001700307650001700324CHAP20220817042815.0971013s1985 r 00010 d a56287 a57259 a61413 cCHAP a595.13bS500aSiddiqi, Mohammad Raifq. aTylenchida parasites of plants and insects aLondon :bCommonwealth Agricultural Bureax,c1985 a645 h.b: ilus.14aNemátodos parásitos de plantas.14aNemátodos.14aTylenchidae.